<?xml version="1.0" encoding="UTF-8"?>
<record
    xmlns:xsi="http://www.w3.org/2001/XMLSchema-instance"
    xsi:schemaLocation="http://www.loc.gov/MARC21/slim http://www.loc.gov/standards/marcxml/schema/MARC21slim.xsd"
    xmlns="http://www.loc.gov/MARC21/slim">

  <leader>005610000a22001570004500</leader>
  <datafield tag="090" ind1=" " ind2=" ">
    <subfield code="a">AR</subfield>
    <subfield code="b">02347</subfield>
  </datafield>
  <datafield tag="245" ind1="1" ind2="0">
    <subfield code="a">Use of tropical rainforests by native amazonians: these sophisticted and complex agricultural systems can serve as models of sustainable agroecosystems</subfield>
  </datafield>
  <datafield tag="650" ind1="1" ind2="4">
    <subfield code="a">Ind&#xED;genas</subfield>
    <subfield code="9">93177</subfield>
  </datafield>
  <datafield tag="650" ind1="1" ind2="4">
    <subfield code="a">Manejo tradicional del Bosques</subfield>
    <subfield code="9">95875</subfield>
  </datafield>
  <datafield tag="650" ind1="1" ind2="4">
    <subfield code="a">Sistemas agrarios</subfield>
    <subfield code="9">95843</subfield>
  </datafield>
  <datafield tag="651" ind1=" " ind2="4">
    <subfield code="d">Vaup&#xE9;s</subfield>
    <subfield code="p">Colombia</subfield>
    <subfield code="9">92749</subfield>
  </datafield>
  <datafield tag="041" ind1="0" ind2=" ">
    <subfield code="a">Ingl&#xE9;s</subfield>
  </datafield>
  <datafield tag="100" ind1="1" ind2=" ">
    <subfield code="a">Dufour, Darna L.</subfield>
    <subfield code="9">95772</subfield>
  </datafield>
  <datafield tag="942" ind1=" " ind2=" ">
    <subfield code="c">ARTICULO</subfield>
  </datafield>
  <datafield tag="773" ind1="1" ind2=" ">
    <subfield code="t">Bioscience</subfield>
    <subfield code="3">16</subfield>
    <subfield code="h">9</subfield>
    <subfield code="q">652-659</subfield>
    <subfield code="d">1990</subfield>
    <subfield code="g">40</subfield>
  </datafield>
  <datafield tag="999" ind1=" " ind2=" ">
    <subfield code="c">11418</subfield>
    <subfield code="d">11418</subfield>
  </datafield>
  <datafield tag="952" ind1=" " ind2=" ">
    <subfield code="0">0</subfield>
    <subfield code="1">0</subfield>
    <subfield code="4">0</subfield>
    <subfield code="7">1</subfield>
    <subfield code="8">HEMEROTECA</subfield>
    <subfield code="a">Bogota</subfield>
    <subfield code="b">Bogota</subfield>
    <subfield code="d">2015-02-27</subfield>
    <subfield code="h">Fuera de circulaci&#xF3;n</subfield>
    <subfield code="l">0</subfield>
    <subfield code="o">AR 02347</subfield>
    <subfield code="p">012760</subfield>
    <subfield code="r">2015-03-25 00:00:00</subfield>
    <subfield code="t">1</subfield>
    <subfield code="w">2015-03-25</subfield>
    <subfield code="x">Donaci&#xF3;n</subfield>
    <subfield code="y">ARTICULO</subfield>
  </datafield>
</record>
